27 Mayıs 1960'tan 28 Şubat 1997'ye : (Record no. 13547)

MARC details
000 -BAŞLIK
Sabit Uzunlukta Kontrol Alanı 00834nam a22002537a 4500
999 ## - SİSTEM KONTROL NUMARALARI (KOHA)
Koha Biblionumber 13547
Koha Biblioitemnumber 13547
003 - KONTROL NUMARASI IDENTIFIER
Denetim Alanı MIRAKIL
005 - SON İŞLEM TARİHİ VE ZAMANI
Denetim Alanı 20211214000616.0
008 - SABİT-BOY VERİ ELEMANLARI - GENEL BİLGİLER
Sabit Uzunlukta Kontrol Alanı 191017b tu ||||| |||| 00| 0 tur d
020 ## - ULUSLARARASI STANDART KİTAP NUMARASI
Uluslararası Standart Kitap Numarası 9754311145
040 ## - KATALOGLAMA KAYNAK
Orijinal Kataloglama Ajansı TR-AnCHP
Metne Dönüştürmek Ajansı TR-AnCHP
041 ## - DİL KODU
Metin / Ses Parça Veya Ayrı Başlığın Dil Kodu tur
082 ## - DEWEY ONLU SINIFLANDIRMA NUMARASI
Sınıflandırma Numarası 956.103
Ürün Numarası T86y 2001
100 ## - ANA GİRİŞ - KİŞİSEL İSİM
Kişisel Ad Turhan, Talat
245 10 - BAŞLIK TABLOSU
Başlık 27 Mayıs 1960'tan 28 Şubat 1997'ye :
Başlığın Kalan devrimci bir kurmay subay'ın etkinlikleri /
Sorumluluk Tablosu, Vb Talat Turhan.
250 ## - EDITION TABLOSU
Baskı Beyanı 3 bs.
260 ## - YAYIN, DAĞITIM, VB
Yayın, Dağıtım, Vb Yeri İstanbul:
Yayıncı, Dağıtıcı, Vs Adı Sorun Yayınları,
Yayın, Dağıtım, Vb Tarihi 2001.
Üretici Firma Doyuran Matbaası.
300 ## - FİZİKSEL TANIM
Kapsam 428 s.:
Diğer Fiziksel Ayrıntıları fotg.;
Boyutlar 20 sm.
490 0# - SERİSİ TABLOSU
Seri Beyanı Emperyalizmin gizli örgütleri dizisi ;
Hacim / Ardışık Tanımı 7.
600 #0 - KONU KATMA GİRİŞ - KURUMSAL ADI
9 (RLIN) 6026
Kişisel Ad Turhan, Talat
Genel Alt Bölümü Anılar
650 #0 - KONU KATMA GİRİŞ - TOPİKAL DÖNEM
Topikal Süreli Veya Coğrafi Ad Giriş Elemanı Siyaset ve yönetim
Genel Alt Bölümü Türkiye
Kronolojik Alt Bölümü 1960-
9 (RLIN) 9
650 #0 - KONU KATMA GİRİŞ - TOPİKAL DÖNEM
9 (RLIN) 5221
Topikal Süreli Veya Coğrafi Ad Giriş Elemanı Ordu ve siyaset
Genel Alt Bölümü Türkiye
650 #0 - KONU KATMA GİRİŞ - TOPİKAL DÖNEM
9 (RLIN) 333
Topikal Süreli Veya Coğrafi Ad Giriş Elemanı Darbeler
Genel Alt Bölümü Türkiye
942 ## - EKLENDİ GİRİŞ ELEMANLARI (KOHA)
Sınıflandırma Veya Raf Düzeni Kaynak Dewey Decimal Classification
Koha Öğesi Türü Books
Holdings
Kalıcı Konum Mevcut Konum Edinme Tarihi Toplam Check-Out'Lar Tam Çağrı Numarası Barkod Tarih Son Görülme Tarihi Geçen Teslim İtibaren Geçerli Fiyatlar Sigara Kamu Notu Koha Öğesi Türü
CHP Kütüphanesi CHP Kütüphanesi 10/17/2019 1 956.103 T86y 2001 011814 07/14/2020 07/13/2020 10/17/2019 Ertuğrul Çepni bağışıdır. Books